Biggest cities in Europe 1-500 - Statistics

General Stats
  • This quiz has been taken 1,690 times
  • The average score is 199 of 500
Answer Stats
Country City Population % Correct
Turkey Istanbul 15 113 808
97%
United Kingdom London 9 047 570
97%
Germany Berlin 3 664 088
96%
Russia Moscow 12 455 682
96%
Italy Rome 2 783 809
96%
Greece Athens 3 168 846
95%
Spain Madrid 3 334 730
95%
France Paris 2 175 601
95%
Ukraine Kyiv 2 962 180
94%
Austria Vienna 1 920 949
94%
Spain Barcelona 1 664 182
93%
Sweden Stockholm 1 766 106
93%
Romania Bucharest 1 883 425
92%
Hungary Budapest 1 752 286
92%
Germany Hamburg 1 852 478
92%
Belarus Minsk 2 009 786
92%
Czech Republic Prague 1 335 084
92%
Russia Saint Petersburg 5 384 342
92%
Poland Warsaw 1 794 166
92%
Denmark Copenhagen 1 336 982
91%
Italy Milan 1 397 715
91%
Germany Munich 1 488 202
91%
Netherlands Amsterdam 1 114 745
90%
Belgium Brussels 1 219 970
90%
Bulgaria Sofia 1 221 785
90%
Serbia Belgrade 1 166 763
87%
Norway Oslo 697 010
87%
Netherlands Rotterdam 829 875
87%
United Kingdom Birmingham 1 160 254
85%
Finland Helsinki 656 920
85%
Germany Frankfurt am Main 764 104
84%
United Kingdom Manchester 563 561
84%
France Marseille 868 277
84%
Croatia Zagreb 688 163
84%
Germany Cologne 1 083 498
83%
United Kingdom Liverpool 586 889
83%
Italy Naples 940 940
83%
Latvia Riga 627 487
82%
Italy Turin 848 196
82%
Ireland Dublin 553 165
81%
United Kingdom Glasgow 629 920
81%
Portugal Lisbon 544 851
81%
Poland Krakow 779 966
80%
France Lyon 518 365
80%
Spain Valencia 800 215
80%
United Kingdom Edinburgh 504 020
79%
Netherlands The Hague 803 835
78%
Ukraine Odessa 1 015 826
77%
Lithuania Vilnius 559 250
77%
Ukraine Lviv 721 510
76%
United Kingdom Leeds 511 164
75%
Estonia Tallinn 438 341
75%
Switzerland Zürich 421 712
75%
Italy Palermo 640 720
74%
Greece Thessaloniki 806 635
74%
Italy Venice 255 609
74%
Germany Dresden 556 227
73%
Italy Florence 359 755
73%
Ukraine Kharkiv 1 433 886
73%
Switzerland Bern 134 727
72%
France Nice 341 032
72%
Portugal Porto 231 962
72%
Germany Stuttgart 630 305
72%
Spain Bilbao 350 184
71%
Ukraine Donetsk 905 364
71%
Germany Düsseldorf 620 523
71%
Italy Genoa 558 930
71%
Sweden Gothenburg 655 078
71%
Spain Malaga 578 460
71%
Bosnia and Herzegovina Sarajevo 348 363
71%
Spain Sevilla 691 395
71%
North Macedonia Skopje 512 000
71%
Germany Bremen 566 573
70%
Germany Dortmund 587 696
70%
Poland Gdansk 470 805
70%
Germany Leipzig 597 493
70%
Albania Tirana 418 495
70%
Slovakia Bratislava 440 948
69%
United Kingdom Cardiff 354 178
69%
Germany Hanover 534 049
68%
Sweden Malmö 324 002
68%
United Kingdom Belfast 338 160
67%
United Kingdom Bristol 577 246
67%
Moldova Chișinău 532 513
67%
Germany Essen 582 415
67%
Switzerland Geneva 203 736
67%
United Kingdom Newcastle upon Tyne 287 535
67%
United Kingdom Sheffield 552 143
67%
France Toulouse 486 828
67%
France Bordeaux 257 068
66%
Russia Kazan 1 257 341
66%
France Lille 233 098
66%
Germany Nuremberg 515 543
66%
Spain Zaragoza 681 877
66%
Poland Lodz 672 185
65%
Russia Rostov on Don 1 137 704
65%
Italy Bologna 394 463
64%
Russia Volgograd 1 004 763
64%
Italy Bari 313 003
63%
Ukraine Dnipro 980 948
63%
France Nantes 314 138
62%
Czech Republic Brno 382 405
61%
Russia Nizhny Novgorod 1 244 254
61%
Russia Samara 1 144 759
61%
United Kingdom Southampton 269 750
61%
Poland Wroclaw 641 928
61%
Germany Bonn 330 579
60%
Slovenia Ljubljana 285 604
60%
United Kingdom Nottingham 315 987
60%
Norway Bergen 285 601
59%
France Strasbourg 284 677
59%
Belarus Brest 340 318
58%
France Brest 139 602
58%
Austria Graz 291 134
58%
United Kingdom Leicester 472 558
58%
Poland Poznan 532 048
58%
Russia Ufa 1 125 933
58%
Austria Salzburg 155 416
57%
Netherlands Utrecht 382 520
57%
Spain Granada 233 648
56%
Spain Palma de Mallorca 422 587
56%
Russia Perm 1 049 199
56%
Poland Katowice 290 553
55%
Germany Kiel 246 601
54%
Kosovo Priština 145 149
54%
Iceland Reykjavik 232 280
54%
Ukraine Sevastopol 464 349
54%
Italy Verona 257 838
54%
United Kingdom Brighton and Hove 244 917
53%
United Kingdom Oxford 162 291
53%
United Kingdom Plymouth 239 677
53%
Poland Szczecin 398 255
53%
Denmark Aarhus 282 910
52%
United Kingdom Aberdeen 198 480
52%
Switzerland Basel 173 775
52%
Romania Cluj-Napoca 324 576
52%
Ukraine Luhansk 399 559
52%
Croatia Split 167 121
52%
United Kingdom Swansea 185 460
52%
Bulgaria Varna 332 394
52%
Netherlands Eindhoven 298 795
51%
Austria Innsbruck 131 059
51%
Russia Krasnodar 948 827
51%
Austria Linz 206 537
51%
Germany Mannheim 309 721
51%
Lithuania Kaunas 293 257
50%
Belgium Liège 196 296
50%
Poland Lublin 338 586
50%
Ukraine Mariupol 431 859
50%
France Montpellier 290 053
50%
Spain Murcia 459 403
50%
United Kingdom Norwich 197 212
50%
Bulgaria Plovdiv 342 048
50%
Montenegro Podgorica 150 977
50%
United Kingdom Cambridge 148 861
49%
Italy Catania 294 298
49%
Spain Cordoba 326 039
49%
Germany Duisburg 495 885
49%
Russia Sochi 432 322
49%
Finland Tampere 241 009
49%
Germany Augsburg 295 830
48%
United Kingdom Kingston upon Hull 288 028
48%
Russia Murmansk 282 851
48%
Finland Turku 194 391
48%
Spain A Coruña 247 604
47%
Spain Alicante 337 482
47%
Netherlands Groningen 213 705
47%
Serbia Novi Sad 231 798
47%
United Kingdom Portsmouth 248 929
47%
France Rennes 217 728
47%
Russia Voronezh 1 050 602
47%
United Kingdom York 164 369
47%
Germany Aachen 248 878
46%
Belgium Antwerpen 529 417
46%
Czech Republic Ostrava 284 982
46%
Spain Vigo 296 692
46%
Germany Bielefeld 333 509
45%
United Kingdom Coventry 382 073
45%
Germany Freiburg im Breisgau 230 940
45%
Italy Trieste 199 773
45%
Norway Trondheim 207 595
45%
United Kingdom Dundee 149 010
44%
Germany Mainz 217 123
44%
Russia Saratov 830 155
44%
Russia Kaliningrad 493 256
43%
Germany Münster 316 403
43%
Serbia Niš 183 164
43%
Germany Rostock 209 061
43%
United Kingdom Derby 264 654
42%
France Dijon 156 854
42%
Belarus Gomel 507 795
42%
Germany Karlsruhe 308 436
42%
Slovakia Košice 238 138
42%
Switzerland Lausanne 140 049
42%
Germany Magdeburg 235 775
42%
Denmark Odense 180 760
42%
Romania Timișoara 319 279
42%
Spain Valladolid 299 265
42%
United Kingdom Bradford 366 187
41%
Poland Bydgoszcz 344 091
41%
Belgium Charleroi 201 837
41%
Belgium Gent 263 703
41%
Finland Oulu 207 327
41%
Italy Parma 200 218
41%
United Kingdom Blackpool 145 821
40%
Italy Cagliari 149 474
40%
Romania Constanța 283 872
40%
Spain Donostia 188 240
40%
Finland Espoo 292 796
40%
Germany Lübeck 215 846
40%
United Kingdom Northampton 230 031
40%
Ukraine Zaporizhia 722 713
40%
Germany Bochum 364 454
39%
United Kingdom Bournemouth 197 383
39%
Poland Gdynia 244 969
39%
Romania Iași 290 422
39%
United Kingdom Luton 221 502
39%
Italy Messina 225 546
39%
Germany Potsdam 182 112
39%
United Kingdom Reading 229 482
39%
United Kingdom Wolverhampton 220 873
39%
Germany Wuppertal 355 004
39%
Russia Arkhangelsk 344 927
38%
Poland Bialystok 296 958
38%
Portugal Braga 148 550
38%
Bulgaria Burgas 198 593
38%
Hungary Debrecen 201 432
38%
Czech Republic Plzeň 175 219
38%
Germany Saarbrücken 179 349
38%
United Kingdom Sunderland 174 807
38%
Sweden Uppsala 167 335
38%
Romania Brașov 253 200
37%
Germany Chemnitz 244 401
37%
Russia Grozny 324 602
37%
United Kingdom Ipswich 148 742
37%
Ukraine Kryvyi Rih 612 750
37%
Russia Kursk 450 977
37%
Spain Pamplona 203 944
37%
France Reims 182 211
37%
Russia Smolensk 320 170
37%
Russia Astrakhan 524 371
36%
Germany Erfurt 213 692
36%
Spain Gijon 271 717
36%
Ukraine Kherson 283 649
36%
Italy Padua 208 306
36%
Russia Tula 467 955
36%
Germany Halle (Saale) 237 865
35%
Germany Mönchengladbach 259 665
35%
Spain Santander 173 375
35%
France Toulon 176 198
35%
Russia Veliky Novgorod 225 019
35%
Russia Yaroslavl 601 403
35%
Spain Almeria 201 322
34%
Bosnia and Herzegovina Banja Luka 135 059
34%
Russia Belgorod 391 702
34%
Italy Brescia 195 102
34%
France Grenoble 157 650
34%
Germany Kassel 201 048
34%
France Le Havre 169 733
34%
United Kingdom Middlesbrough 177 354
34%
Russia Orenburg 572 819
34%
Ukraine Simferopol 336 212
34%
Russia Tolyatti 693 072
34%
Turkey Edirne 172 802
33%
Germany Gelsenkirchen 259 105
33%
Greece Heraklion 157 452
33%
Germany Leverkusen 163 905
33%
Italy Modena 187 977
33%
Greece Patras 195 265
33%
Germany Regensburg 152 270
33%
Norway Stavanger 144 147
33%
Russia Tver 424 969
33%
Russia Vladimir 352 347
33%
United Kingdom Sale 138 206
32%
Moldova Tiraspol 133 807
32%
Germany Braunschweig 248 561
31%
Netherlands Breda 154 880
31%
Spain Elche 234 765
31%
Belarus Grodno 357 510
31%
Ukraine Mykolaiv 476 101
31%
Ukraine Poltava 283 402
31%
Russia Ulyanovsk 625 462
31%
Belarus Vitebsk 362 949
31%
Russia Bryansk 399 579
30%
Lithuania Klaipėda 149 046
30%
Russia Makhachkala 604 266
30%
Germany Osnabrück 164 223
30%
Spain Oviedo 219 910
30%
Russia Ryazan 534 801
30%
Spain Salamanca 144 825
30%
Netherlands Tilburg 213 055
30%
France Tours 136 463
30%
Germany Wiesbaden 278 609
30%
Germany Ingolstadt 136 952
29%
United Kingdom Milton Keynes 184 824
29%
Netherlands Nijmegen 161 000
29%
Germany Oldenburg 169 605
29%
Russia Penza 516 450
29%
Italy Taranto 189 366
29%
Spain Tarragona 136 496
29%
Spain Vitoria-Gasteiz 253 996
29%
France Amiens 133 891
28%
United Kingdom Bolton 205 411
28%
Romania Craiova 269 506
28%
Germany Heidelberg 158 741
28%
Russia Izhevsk 646 468
28%
Russia Lipetsk 503 216
28%
France Nîmes 149 633
28%
Russia Pskov 209 426
28%
Russia Stavropol 454 488
28%
Finland Vantaa 237 231
28%
France Angers 154 508
27%
Spain Burgos 176 418
27%
Germany Darmstadt 159 174
27%
Romania Galați 249 432
27%
United Kingdom Gloucester 147 509
27%
Hungary Győr 132 038
27%
Netherlands Haarlem 204 570
27%
Russia Kirov 521 091
27%
France Le Mans 143 252
27%
United Kingdom Peterborough 178 805
27%
Italy Rimini 148 688
27%
France Saint-Étienne 173 089
27%
Italy Salerno 130 240
27%
United Kingdom Swindon 192 408
27%
France Clermont-Ferrand 146 734
26%
Germany Hamm 178 967
26%
Italy Livorno 156 031
26%
Hungary Pecs 142 873
26%
Italy Ravenna 157 422
26%
United Kingdom Southend on Sea 185 111
26%
Ukraine Sumy 259 660
26%
Hungary Szeged 160 766
26%
Spain Albacete 174 336
25%
Spain Cartagena 216 108
25%
Poland Czestochowa 217 530
25%
Netherlands Enschede 147 850
25%
Spain Getafe 185 180
25%
Spain Huelva 143 837
25%
Russia Ivanovo 401 505
25%
Russia Kaluga 331 842
25%
United Kingdom Newport 136 078
25%
Spain Badajoz 150 984
24%
Ukraine Chernihiv 285 234
24%
Ukraine Ivano-Frankivsk 237 855
24%
Germany Krefeld 226 844
24%
Netherlands Leiden 270 225
24%
Spain L'Hospitalet de Llobregat 269 382
24%
Spain Marbella 147 633
24%
Belarus Mogilev 357 404
24%
Italy Perugia 164 057
24%
Poland Torun 198 613
24%
Ukraine Vinnytsia 370 601
24%
Romania Arad 159 074
23%
Spain Badalona 223 166
23%
Spain Jerez de la Frontera 213 105
23%
Germany Oberhausen 209 566
23%
Russia Oryol 303 696
23%
Germany Paderborn 152 864
23%
Poland Radom 209 296
23%
Ukraine Rivne 245 289
23%
Netherlands Almere 177 045
22%
United Kingdom Colchester 138 131
22%
United Kingdom Huddersfield 171 809
22%
France Limoges 131 479
22%
Ukraine Lutsk 217 197
22%
Ukraine Melitopol 150 768
22%
Romania Oradea 196 367
22%
United Kingdom Poole 159 449
22%
Poland Rzeszow 196 638
22%
United Kingdom Watford 141 651
22%
Russia Cheboksary 495 810
21%
Italy Ferrara 132 288
21%
Italy Foggia 148 301
21%
Ukraine Kerch 151 996
21%
Poland Kielce 193 415
21%
Hungary Miskolc 154 521
21%
Bulgaria Ruse 135 440
21%
Russia Tambov 289 701
21%
Netherlands Apeldoorn 140 210
20%
Ukraine Cherkasy 272 651
20%
Serbia Kragujevac 150 835
20%
Russia Naberezhnye Chelny 532 074
20%
Romania Ploiești 209 945
20%
Italy Prato 193 568
20%
Russia Saransk 317 432
20%
Russia Vladikavkaz 301 543
20%
Russia Vologda 308 530
20%
Ukraine Zhytomyr 263 507
20%
Netherlands Amersfoort 153 420
19%
Netherlands Dordrecht 221 235
19%
Germany Hagen 188 687
19%
Spain Lleida 140 403
19%
Romania Pitești 155 383
19%
Romania Sibiu 147 245
19%
Germany Solingen 159 193
19%
Ukraine Ternopil 223 938
19%
France Aix-en-Provence 143 097
18%
Ukraine Chernivtsi 265 471
18%
Turkey Corlu 288 692
18%
Russia Kostroma 277 393
18%
Germany Ludwigshafen am Rhein 172 557
18%
Germany Offenbach am Main 130 892
18%
Russia Petrozavodsk 280 711
18%
United Kingdom Slough 164 770
18%
Spain Terrassa 223 627
18%
Poland Gliwice 177 049
17%
Spain Logroño 152 485
17%
Germany Neuss 153 109
17%
Poland Olsztyn 171 249
17%
Turkey Tekirdağ 174 685
17%
Portugal Vila Nova de Gaia 188 660
17%
Romania Brăila 180 302
16%
Russia Engels 226 143
16%
Germany Herne 156 940
16%
Ukraine Horlivka 241 106
16%
Ukraine Makiivka 340 337
16%
Russia Novorossiysk 275 795
16%
Russia Podolsk 309 250
16%
Spain Sabadell 216 520
16%
Poland Zabrze 170 924
16%
Poland Zielona Gora 140 892
16%
Poland Bielsko-Biala 169 756
15%
Russia Cherepovets 312 091
15%
Finland Jyväskylä 143 420
15%
Ukraine Kramatorsk 150 084
15%
Spain Leganes 191 114
15%
Spain Mostoles 210 309
15%
Germany Mülheim an der Ruhr 170 921
15%
Russia Nalchik 239 054
15%
Russia Orsk 224 814
15%
Netherlands 's-Hertogenbosch 162 165
15%
Poland Sosnowiec 197 586
15%
Russia Taganrog 248 269
15%
Portugal Amadora 171 719
14%
Russia Balashikha 507 307
14%
Poland Bytom 163 255
14%
Spain Dos Hermanas 135 050
14%
Spain Fuenlabrada 194 514
14%
Russia Khimki 257 757
14%
Ukraine Khmelnytskyi 274 582
14%
Romania Târgu Mureș 134 290
14%
United Kingdom Telford 152 222
14%
France Villeurbanne 150 659
14%
Russia Yoshkar-Ola 276 155
14%
Spain Alcorcon 172 384
13%
Romania Bacău 144 307
13%
United Kingdom Birkenhead 145 775
13%
Ukraine Kremenchuk 217 710
13%
Greece Larisa 144 651
13%
Russia Syktyvkar 243 926
13%
United Kingdom Warrington 172 684
13%
Belarus Babruysk 211 389
12%
Ukraine Bila Tserkva 208 737
12%
Russia Rybinsk 182 383
12%
Poland Rybnik 137 128
12%
Russia Shakhty 228 816
12%
Russia Sterlitamak 274 134
12%
Russia Dzerzhinsk 227 326
11%
Ukraine Kamianske 229 794
11%
Ukraine Kropyvnytskyi 222 695
11%
Russia Pyatigorsk 146 267
11%
Italy Reggio di Calabria 173 456
11%
Russia Stary Oskol 223 711
11%
Russia Volgodonsk 169 953
11%
Russia Volzhsky 323 853
11%
Russia Armavir 187 215
10%
Russia Lyubertsy 208 397
10%
Russia Nizhnekamsk 240 097
10%
Poland Ruda Slaska 136 423
10%
Russia Syzran 165 199
10%
Russia Elektrostal 152 607
9%
Russia Mytishchi 245 643
9%
Russia Severodvinsk 180 806
9%
Spain Torrejón de Ardoz 132 853
9%
Russia Balakovo 186 012
8%
Belarus Baranovichi 174 183
8%
Belarus Barysaw 139 481
8%
Russia Domodedovo 135 070
8%
Russia Korolyov 225 299
8%
Russia Maykop 139 084
8%
Spain Parla 133 482
8%
Netherlands Heerlen 169 560
7%
Russia Kolomna 138 693
7%
Russia Krasnogorsk 175 812
7%
Russia Neftekamsk 131 945
7%
Italy Reggio nell'Emilia 169 803
7%
Russia Salavat 148 947
7%
Turkey Silivri 181 997
7%
Russia Almetyevsk 158 019
6%
Russia Berezniki 137 091
6%
Russia Kovrov 134 074
6%
Russia Novocherkassk 166 312
6%
Russia Odintsovo 135 867
6%
Russia Khasavyurt 146 394
5%
Belgium Schaerbeek 131 451
5%
Spain La Laguna 158 911
4%
United Kingdom Stroke on Trent 278 137
4%
Spain Castello de la Plana 174 264
2%
Spain Acala de Henares 197 562
1%
No matching quizzes found
Score Distribution
Percent of People with Each Score
Percentile by Number Answered
Your Score History
You have not taken this quiz